Very easy Toeic Beginning Toeic test-taking skill

Saved in:
Bibliographic Details
Main Author: Taylor, Anne
Other Authors: Byrne, Garrett
Format: Book
Language:Vietnamese
Published: TP. Hồ Chí Minh First News - Trí Việt 2011
Edition:Second edition
Subjects:
Tags: Add Tag
No Tags, Be the first to tag this record!
Institutions: Trung tâm Học liệu Lê Vũ Hùng, Trường Đại học Đồng Tháp
LEADER 00891aam a22002658a 4500
001 00029417
005 20190718100749.0
008 120724s2011 ||||||viesd
020 # # |c 100000 
041 0 # |a vie 
082 1 4 |a 428  |b V207E 
100 1 # |a Taylor, Anne 
245 1 0 |a Very easy Toeic  |b Beginning Toeic test-taking skill  |c Anne Taylor, Garrett Byrne 
250 # # |a Second edition 
260 # # |b First News - Trí Việt  |c 2011  |a TP. Hồ Chí Minh 
300 # # |a 259tr.  |c 26cm.  |e 2 CD 
653 # # |a Bài tập 
653 # # |a Luyện thi 
653 # # |a TOEIC 
653 # # |a Tiếng Anh 
700 1 # |a Byrne, Garrett 
852 # # |b Kho mượn  |j KM.0014086 
852 # # |b Kho đọc  |j KD.0013739 
852 # # |j KD.0013739  |j KM.0016083  |j KM.0016084  |j KM.0016086  |j KM.0014086  |j KM.0016082  |j KM.0016085 
980 # # |a Trung tâm Học liệu Lê Vũ Hùng, Trường Đại học Đồng Tháp